[Event "6th EUR-ch (w)"]
[Site "Chisinau MDA"]
[Date "2005.06.21"]
[Round "10"]
[White "Golubenko, Valentina"]
[Black "Vetrila, Sanda"]
[Result "1-0"]
[WhiteElo "2171"]
[BlackElo "1911"]
[EventDate "2005.06.10"]
[PlyCount "129"]

1.d4 d5 2.c4 c6 3.Nf3 Nf6 4.Nc3 a6 5.e3 b5 6.c5 Bg4 7.Qb3 Nbd7 8.a4 g6 9.
Qa3 Rb8 10.axb5 axb5 11.Qa5 Bg7 12.Qxd8+ Rxd8 13.Ra6 Rc8 14.Na2 Bxf3 15.
gxf3 O-O 16.Nb4 Nb8 17.Ra7 e6 18.Bd2 Rfd8 19.Bh3 Rd7 20.Ra8 Rdd8 21.O-O 
Nbd7 22.Ra6 Nb8 23.Ra5 Nfd7 24.Rfa1 e5 25.Bc3 exd4 26.exd4 f5 27.Ra7 Nf6 
28.Rb7 Rd7 29.Rxd7 Nbxd7 30.Bd2 Nb8 31.Ra8 Nfd7 32.Be3 Kf7 33.b3 Re8 34.
Ra7 Re6 35.Bf4 Kf6 36.Ra8 Re8 37.Ra7 g5 38.Bxb8 Nxb8 39.Rc7 Re6 40.Bxf5 
Kxf5 41.Rxg7 h6 42.Rb7 Re8 43.Rf7+ Kg6 44.Rc7 Re1+ 45.Kg2 Rd1 46.Nxc6 Nxc6
47.Rxc6+ Kf5 48.Rb6 Rxd4 49.Rxb5 Rd2 50.b4 Rc2 51.c6 Rxc6 52.Rxd5+ Ke6 53.
Rd4 Rb6 54.Re4+ Kf5 55.Kf1 h5 56.h3 Rc6 57.b5 Rc1+ 58.Re1 Rc7 59.b6 Rb7 
60.Rb1 Kf4 61.Rb3 g4 62.fxg4 hxg4 63.Rb4+ Kf3 64.hxg4 Re7 65.Rb3+ 1-0

[Event "6th EUR-ch (w)"]
[Site "Chisinau MDA"]
[Date "2005.06.21"]
[Round "10"]
[White "Grishina, Alexandra"]
[Black "Butuc, Maria"]
[Result "1/2-1/2"]
[WhiteElo "2065"]
[BlackElo "2147"]
[EventDate "2005.06.10"]
[PlyCount "109"]

1.d4 d5 2.c4 c6 3.Nc3 Nf6 4.e3 a6 5.Nf3 b5 6.c5 Bg4 7.Qb3 Nbd7 8.a4 g6 9.
Qa3 Rb8 10.axb5 axb5 11.Qa5 Bg7 12.Qxd8+ Rxd8 13.Ra6 Nb8 14.Ra7 Bxf3 15.
gxf3 e5 16.Nxb5 cxb5 17.Bxb5+ Kf8 18.c6 Nxc6 19.Bxc6 Rc8 20.Ra6 Nd7 21.O-O
Nb8 22.Ra8 Rxc6 23.Rxb8+ Ke7 24.Rb7+ Ke6 25.dxe5 Bxe5 26.b3 Ra8 27.Bd2 Ra2
28.Rd1 Rcc2 29.Be1 Bc3 30.Rb6+ Ke7 31.Bxc3 Rxc3 32.Rb7+ Ke6 33.Rb6+ Ke7 
34.Rxd5 Rcc2 35.Kg2 Rxf2+ 36.Kg3 Rxh2 37.Re5+ Kf8 38.e4 Rhg2+ 39.Kf4 Ra7 
40.b4 h5 41.Rb8+ Kg7 42.Ree8 f6 43.b5 Rb2 44.b6 Rd7 45.Rec8 Kf7 46.Rc7 Ke6
47.Rbb7 Rxc7 48.bxc7 Rc2 49.Rb6+ Ke7 50.Rb7 Ke6 51.Rb6+ Ke7 52.Rb7 Ke6 53.
Rb6+ Ke7 54.Rb7 Ke6 55.Rb6+ 1/2-1/2

[Event "6th EUR-ch (w)"]
[Site "Chisinau MDA"]
[Date "2005.06.21"]
[Round "10"]
[White "Ankerst, Milka"]
[Black "Vartic, Irina"]
[Result "1-0"]
[WhiteElo "2124"]
[BlackElo "1948"]
[EventDate "2005.06.10"]
[PlyCount "153"]

1.e4 e5 2.Nf3 Nc6 3.Nc3 Nf6 4.d4 exd4 5.Nxd4 Bb4 6.Nxc6 bxc6 7.Bd3 O-O 8.
O-O d5 9.exd5 cxd5 10.Bg5 Be6 11.Ne2 h6 12.Bh4 Bd6 13.Nd4 c5 14.Nf5 Be5 
15.c3 Qd7 16.Re1 Qc7 17.Bg3 Bxg3 18.hxg3 Bxf5 19.Bxf5 Rfe8 20.Qd2 Re5 21.
Bd3 Rae8 22.Rxe5 Qxe5 23.Qf4 Qxf4 24.gxf4 c4 25.Bf1 Rb8 26.Rb1 Ne4 27.Rd1 
Rxb2 28.Rxd5 Nxc3 29.Rd8+ Kh7 30.Bxc4 Ne2+ 31.Bxe2 Rxe2 32.a3 Ra2 33.Rd3 
a5 34.g3 Kg6 35.Kg2 a4 36.Re3 Kf5 37.Re5+ Kg6 38.Re3 Kf6 39.Kg1 Kf5 40.Kg2
f6 41.Re7 g6 42.Re3 Rb2 43.Rc3 Rb3 44.Rc5+ Ke6 45.Rc6+ Ke7 46.Ra6 Rxa3 47.
Ra7+ Ke6 48.Ra6+ Kf5 49.Ra5+ Ke4 50.Ra6 Kf5 51.Ra5+ Ke4 52.Ra6 Ra2 53.Rxf6
g5 54.Rxh6 gxf4 55.Rh4 a3 56.Rxf4+ Ke5 57.Ra4 Ra1 58.g4 Kd5 59.g5 Ke5 60.
Ra6 a2 61.g6 Rb1 62.g7 Rb8 63.Rxa2 Rg8 64.Ra7 Kf4 65.Kh3 Kg5 66.Ra4 Kf5 
67.Rg4 Kf6 68.Kh4 Kf7 69.Kh5 Rxg7 70.Rxg7+ Kxg7 71.Kg5 Kf7 72.Kf5 Kg7 73.
Ke6 Kf8 74.f4 Ke8 75.Kf6 Kf8 76.f5 Kg8 77.Ke7 1-0

[Event "6th EUR-ch (w)"]
[Site "Chisinau MDA"]
[Date "2005.06.21"]
[Round "10"]
[White "Hamelink, Desiree"]
[Black "Cherednichenko, Elena"]
[Result "0-1"]
[WhiteElo "2244"]
[BlackElo "1969"]
[EventDate "2005.06.10"]
[PlyCount "78"]

1.e4 e6 2.d4 d5 3.Nd2 dxe4 4.Nxe4 Nd7 5.Nf3 Be7 6.Bd3 Ngf6 7.Nxf6+ Nxf6 8.
c3 O-O 9.O-O b6 10.Qe2 Bb7 11.Rd1 Qc8 12.Bg5 c5 13.Rac1 cxd4 14.Nxd4 Qc5 
15.Bh4 Qd5 16.f3 Qh5 17.Bg3 Rfd8 18.a3 Bd6 19.Bxd6 Rxd6 20.b4 Rd7 21.Bb5 
Rc7 22.Ba6 Bxa6 23.Qxa6 h6 24.Nb5 Re7 25.c4 Qg5 26.c5 Nd5 27.cxb6 Nxb6 28.
Nc7 Rc8 29.Qxa7 Nd5 30.Qb7 Rcxc7 31.Qb8+ Kh7 32.Rxc7 Rxc7 33.Qb5 Qe3+ 34.
Kf1 Qxa3 35.Rd3 Qc1+ 36.Kf2 Rc2+ 37.Kg3 Qf4+ 38.Kh3 Qf5+ 39.Kg3 Qg5+ 0-1

[Event "6th EUR-ch (w)"]
[Site "Chisinau MDA"]
[Date "2005.06.21"]
[Round "10"]
[White "Baciu, Diana"]
[Black "Coimbra, Margarida"]
[Result "0-1"]
[WhiteElo "1870"]
[BlackElo "2098"]
[EventDate "2005.06.10"]
[PlyCount "146"]

1.e4 e5 2.Nf3 Nc6 3.Bc4 Bc5 4.d3 d6 5.a3 Nf6 6.h3 Be6 7.Nc3 Bxc4 8.dxc4 h6
9.O-O O-O 10.Qd3 a6 11.Nd5 Nxd5 12.cxd5 Ne7 13.b4 Ba7 14.Bb2 Ng6 15.c4 Nf4
16.Qc2 Qd7 17.Rac1 f5 18.exf5 Qxf5 19.Qxf5 Rxf5 20.Rc2 Nxh3+ 21.gxh3 Rxf3 
22.Kg2 Raf8 23.c5 Rd3 24.cxd6 cxd6 25.Rc7 Rf7 26.Rxf7 Kxf7 27.Rc1 Bb6 28.
Rc2 Rxd5 29.a4 Ke6 30.a5 Bd8 31.f4 Bf6 32.fxe5 Bxe5 33.Bxe5 dxe5 34.Rc7 
Rd7 35.Rc5 Kf5 36.b5 axb5 37.Rxb5 Kf4 38.Rb4+ e4 39.h4 g5 40.Rb6 gxh4 41.
Rxh6 Rd2+ 42.Kh3 e3 43.Rxh4+ Kf3 44.Rh7 Ra2 45.Rxb7 Rxa5 46.Rf7+ Ke2 47.
Kg3 Kd2 48.Rd7+ Ke1 49.Rb7 e2 50.Rb1+ Kd2 51.Rb2+ Kd1 52.Rb1+ Kc2 53.Rh1 
Kd2 54.Rh2 Kd1 55.Rh1+ e1=Q+ 56.Rxe1+ Kxe1 57.Kf3 Re5 58.Kf4 Re2 59.Kf3 
Kd2 60.Kf4 Re3 61.Kg4 Kd3 62.Kg5 Rf3 63.Kg4 Ke4 64.Kg5 Rf4 65.Kh5 Kf5 66.
Kh6 Rg4 67.Kh5 Kf4 68.Kh6 Rg5 69.Kh7 Kf5 70.Kh6 Kf6 71.Kh7 Rg6 72.Kh8 Kf7 
73.Kh7 Rc6 0-1

[Event "6th EUR-ch (w)"]
[Site "Chisinau MDA"]
[Date "2005.06.21"]
[Round "10"]
[White "Bulmaga, Irina"]
[Black "Iurascu, Mihaela"]
[Result "1/2-1/2"]
[WhiteElo "2046"]
[BlackElo "1906"]
[EventDate "2005.06.10"]
[PlyCount "80"]

1.e4 c6 2.d4 d5 3.Nd2 dxe4 4.Nxe4 Bf5 5.Ng3 Bg6 6.Bc4 e6 7.N1e2 h6 8.Nf4 
Bh7 9.c3 Nf6 10.O-O Nd5 11.Qf3 Nxf4 12.Bxf4 Bd6 13.Rfe1 O-O 14.Rad1 Bxf4 
15.Qxf4 Nd7 16.Bb3 a5 17.Ne4 Nb6 18.a3 Nd5 19.Bxd5 exd5 20.Nc5 b6 21.Nd3 
Bxd3 22.Rxd3 Re8 23.Rxe8+ Qxe8 24.Re3 Qd7 25.f3 Re8 26.Rxe8+ Qxe8 27.Kf2 
b5 28.Qc7 a4 29.Qd6 Qc8 30.Qe5 Qd7 31.Qb8+ Kh7 32.Qf4 Qe6 33.h4 Qg6 34.Qd2
h5 35.g3 Qf5 36.Kg2 f6 37.Qe2 Qb1 38.Kh2 Qf5 39.Kg2 Qb1 40.Kh2 Qf5 1/2-1/2

[Event "6th EUR-ch (w)"]
[Site "Chisinau MDA"]
[Date "2005.06.21"]
[Round "10"]
[White "Apanaviciute, Kristina"]
[Black "Talmazan, Olga"]
[Result "1/2-1/2"]
[WhiteElo "2028"]
[BlackElo "2013"]
[EventDate "2005.06.10"]
[PlyCount "75"]

1.e4 c6 2.d4 d5 3.e5 Na6 4.Nf3 Bg4 5.Be2 e6 6.c3 Qb6 7.Qb3 Ne7 8.h3 Bxf3 
9.Bxf3 Ng6 10.Qxb6 axb6 11.h4 h5 12.Be3 Ne7 13.Na3 Nf5 14.Nc2 Be7 15.g3 b5
16.b4 Nb8 17.O-O Nd7 18.Kg2 Nb6 19.Bc1 Kd7 20.Be2 Rag8 21.f4 Bd8 22.Ne3 
Nc4 23.Nxf5 exf5 24.Bd3 g6 25.a4 bxa4 26.Rxa4 Bb6 27.Rf2 Ra8 28.Rfa2 Rxa4 
29.Rxa4 Rb8 30.Kf3 Ke6 31.Ke2 Bd8 32.Bxc4 dxc4 33.Bd2 Kd5 34.Kf3 Bb6 35.
Be1 Bd8 36.Bd2 Bb6 37.Be1 Bd8 38.Bd2 1/2-1/2

[Event "6th EUR-ch (w)"]
[Site "Chisinau MDA"]
[Date "2005.06.22"]
[Round "11"]
[White "Kosintseva, Nadezhda"]
[Black "Peng Zhaoqin"]
[Result "1-0"]
[WhiteElo "2459"]
[BlackElo "2392"]
[EventDate "2005.06.10"]
[PlyCount "55"]

1.e4 e6 2.d4 d5 3.Nc3 Bb4 4.e5 c5 5.a3 Bxc3+ 6.bxc3 Qa5 7.Bd2 Ne7 8.Nf3 
Nbc6 9.h4 cxd4 10.cxd4 Qa4 11.h5 h6 12.Bd3 b6 13.Qe2 Nxd4 14.Nxd4 Qxd4 15.
O-O Nc6 16.Rfe1 Bd7 17.c3 Qa4 18.c4 dxc4 19.Bxc4 Na5 20.Rac1 Bc6 21.Qg4 
Kf8 22.Bb4+ Kg8 23.Bxe6 Be8 24.Rc7 Rh7 25.Qf3 Rd8 26.Bxf7+ Bxf7 27.Qxf7+ 
Kh8 28.e6 1-0

[Event "6th EUR-ch (w)"]
[Site "Chisinau MDA"]
[Date "2005.06.22"]
[Round "11"]
[White "Matveeva, Svetlana"]
[Black "Zayats, Elena"]
[Result "1/2-1/2"]
[WhiteElo "2423"]
[BlackElo "2398"]
[EventDate "2005.06.10"]
[PlyCount "45"]

1.d4 Nf6 2.c4 e6 3.Nc3 Bb4 4.Qc2 O-O 5.a3 Bxc3+ 6.Qxc3 b6 7.Nf3 Ba6 8.Bg5 
d6 9.e3 Nbd7 10.b4 c5 11.Nd2 h6 12.Bh4 cxd4 13.Qxd4 Qc7 14.Be2 d5 15.b5 
Bb7 16.O-O Rac8 17.Rac1 e5 18.Qb2 Qd6 19.Rfd1 Qe6 20.cxd5 Bxd5 21.Bg3 Rfe8
22.Nf3 Ne4 23.Qb4 1/2-1/2

[Event "6th EUR-ch (w)"]
[Site "Chisinau MDA"]
[Date "2005.06.22"]
[Round "11"]
[White "Collas, Silvia"]
[Black "Arakhamia-Grant, Ketevan"]
[Result "1-0"]
[WhiteElo "2381"]
[BlackElo "2452"]
[EventDate "2005.06.10"]
[PlyCount "109"]

1.Nf3 Nf6 2.c4 g6 3.Nc3 Bg7 4.e4 d6 5.d4 O-O 6.Be2 Na6 7.O-O e5 8.Be3 Ng4 
9.Bg5 Qe8 10.dxe5 dxe5 11.h3 h6 12.Bd2 Nf6 13.Be3 Qe7 14.a3 c6 15.b4 Nh5 
16.Re1 Nf4 17.Bf1 Ne6 18.Ra2 f5 19.c5 Nac7 20.Bc4 Kh7 21.Bc1 f4 22.Nd5 Qe8
23.Nxc7 Nxc7 24.Rd2 a5 25.Bb2 axb4 26.axb4 g5 27.Nh2 Qe7 28.Be2 Be6 29.Bg4
Nb5 30.Bf5+ Rxf5 31.exf5 Bxf5 32.Nf3 e4 33.Nd4 Bxd4 34.Bxd4 Rg8 35.Ba1 g4 
36.hxg4 Bxg4 37.f3 Bf5 38.Rxe4 Qg5 39.Re5 h5 40.Qb3 Qg6 41.Re7+ Kh6 42.Qc4
Qg5 43.Qf7 Qg6 44.Qxg6+ Rxg6 45.Rd8 Re6 46.Rxe6+ Bxe6 47.Be5 Kg5 48.Rf8 
Bc4 49.Bxf4+ Kg6 50.Rb8 Nc3 51.Bd2 Nb1 52.Be3 Ba6 53.Rh8 Na3 54.Rh6+ Kg7 
55.Rxh5 1-0

[Event "6th EUR-ch (w)"]
[Site "Chisinau MDA"]
[Date "2005.06.22"]
[Round "11"]
[White "Danielian, Elina"]
[Black "Vasylevich, Tatiana"]
[Result "1-0"]
[WhiteElo "2415"]
[BlackElo "2395"]
[EventDate "2005.06.10"]
[PlyCount "143"]

1.d4 Nf6 2.Nf3 d5 3.c4 c6 4.e3 a6 5.Bd3 e6 6.O-O Nbd7 7.Nbd2 Be7 8.e4 dxc4
9.Nxc4 b5 10.Ne3 Nb6 11.Qc2 Bb7 12.Bd2 Rc8 13.b4 g6 14.Rac1 O-O 15.a3 Na4 
16.Rfd1 a5 17.bxa5 Bxa3 18.Ra1 Be7 19.Qb1 Rb8 20.Bc2 Qc7 21.e5 Nd7 22.Rc1 
Rfc8 23.h4 Qd8 24.h5 Kg7 25.Be4 Rc7 26.a6 Bxa6 27.Ba5 Nab6 28.Bxc6 Qc8 29.
d5 exd5 30.Bxd7 Rxc1+ 31.Qxc1 Qxd7 32.e6 Qc8 33.h6+ Kf8 34.Qb2 f6 35.Bb4 
Ke8 36.Bxe7 Kxe7 37.Qa3+ b4 38.Qxa6 Qxa6 39.Rxa6 Kxe6 40.Nc2 g5 41.Nxb4 
Kd6 42.Ra7 Nc8 43.Rxh7 Rxb4 44.Rd7+ Kxd7 45.h7 Nd6 46.h8=Q Ne4 47.Qg7+ Kc6
48.Qa7 Rc4 49.Nd4+ Kd6 50.f3 Nc3 51.Qb8+ Ke7 52.Nf5+ Ke6 53.Ng7+ Kf7 54.
Qb7+ Kg6 55.Ne6 g4 56.Nf8+ Kg5 57.Qg7+ Kf5 58.Qg6+ Ke5 59.Nd7+ Ke6 60.Qe8+
Kf5 61.fxg4+ Kxg4 62.Qg6+ Kf4 63.Qxf6+ Ke3 64.Qf2+ Ke4 65.Qf3+ Kd4 66.Qf4+
Ne4 67.Qe5+ Ke3 68.Nf6 Rc1+ 69.Kh2 Re1 70.Nxd5+ Kd3 71.Nf6 Re2 72.Qd5+ 1-0

[Event "6th EUR-ch (w)"]
[Site "Chisinau MDA"]
[Date "2005.06.22"]
[Round "11"]
[White "Grabuzova, Tatiana"]
[Black "Dembo, Yelena"]
[Result "0-1"]
[WhiteElo "2327"]
[BlackElo "2402"]
[EventDate "2005.06.10"]
[PlyCount "70"]

1.b3 e5 2.Bb2 Nc6 3.e3 Nf6 4.Bb5 Bd6 5.Ne2 O-O 6.d4 exd4 7.Nxd4 Nxd4 8.
Bxd4 Qe7 9.O-O Be5 10.Be2 d5 11.Bxe5 Qxe5 12.Qd4 Qe7 13.Nc3 c6 14.Bd3 Re8 
15.Rae1 Bd7 16.e4 c5 17.Qe3 d4 18.Qf3 dxc3 19.e5 Ng4 20.Qxb7 Nh6 21.f4 Be6
22.Qf3 Bf5 23.Bb5 Red8 24.Qxc3 Rd4 25.h3 Rad8 26.g4 Be4 27.Qe3 Nxg4 28.Qg3
Nh6 29.c3 Rd2 30.Rxe4 Qb7 31.Rfe1 Qxb5 32.f5 R8d3 33.Qg5 c4 34.Qh4 Qc5+ 
35.Kh1 Qd5 0-1

[Event "6th EUR-ch (w)"]
[Site "Chisinau MDA"]
[Date "2005.06.22"]
[Round "11"]
[White "Purtseladze, Maka"]
[Black "Mkrtchian, Lilit"]
[Result "1/2-1/2"]
[WhiteElo "2311"]
[BlackElo "2400"]
[EventDate "2005.06.10"]
[PlyCount "95"]

1.d4 e6 2.c4 d5 3.Nf3 Nf6 4.Nc3 Be7 5.Bg5 h6 6.Bh4 O-O 7.e3 b6 8.Bd3 Bb7 
9.O-O Nbd7 10.Bg3 c5 11.cxd5 Nxd5 12.Nxd5 exd5 13.b3 Nf6 14.Qe2 Ne4 15.
Rac1 cxd4 16.Nxd4 Bc5 17.Qb2 Qf6 18.b4 Bxd4 19.Qxd4 Qxd4 20.exd4 Rac8 21.
Bc7 Rfe8 22.f3 Nd2 23.Rfe1 Nc4 24.Bf5 Ra8 25.Bd7 Rxe1+ 26.Rxe1 Na3 27.Re7 
Nc4 28.a4 Kf8 29.Re1 Kg8 30.a5 Rf8 31.Re7 bxa5 32.bxa5 a6 33.Be8 Bc8 34.
Bc6 Be6 35.Bb7 g5 36.Bb6 Rb8 37.Ba7 Rf8 38.Bc5 Nxa5 39.Bxa6 Ra8 40.Bb5 Nc4
41.Ba7 Nd6 42.Bd3 Kg7 43.Bc5 Ra1+ 44.Kf2 Ra2+ 45.Kg1 Ra1+ 46.Kf2 Ra2+ 47.
Kg1 Ra1+ 48.Kf2 1/2-1/2

[Event "6th EUR-ch (w)"]
[Site "Chisinau MDA"]
[Date "2005.06.22"]
[Round "11"]
[White "Gaponenko, Inna"]
[Black "Pahtz, Elisabeth"]
[Result "0-1"]
[WhiteElo "2482"]
[BlackElo "2407"]
[EventDate "2005.06.10"]
[PlyCount "80"]

1.e4 c5 2.Nf3 d6 3.d4 cxd4 4.Nxd4 Nf6 5.Nc3 a6 6.Be3 e5 7.Nb3 Be6 8.Qd2 
Be7 9.f3 O-O 10.O-O-O Nbd7 11.g4 b5 12.g5 Nh5 13.Nd5 Bxd5 14.exd5 f5 15.
gxf6 Bxf6 16.Na5 Qc7 17.Bd3 Nb6 18.Bxb6 Qxb6 19.Rhg1 Nf4 20.Be4 b4 21.Nc6 
a5 22.Kb1 Rf7 23.Rde1 Rb7 24.Qe3 Bd8 25.Qb3 a4 26.Qc4 b3 27.cxb3 axb3 28.
axb3 Bh4 29.Rd1 Bf2 30.Rh1 Qxb3 31.Qxb3 Rxb3 32.Kc2 Re3 33.Ra1 Re2+ 34.Kc3
Rc8 35.Ra2 Rc7 36.Ra8+ Kf7 37.b4 Re3+ 38.Kc4 Ne2 39.b5 Rc3+ 40.Kb4 Bc5+ 
0-1

[Event "6th EUR-ch (w)"]
[Site "Chisinau MDA"]
[Date "2005.06.22"]
[Round "11"]
[White "Vasilevich, Irina"]
[Black "Radziewicz, Iweta"]
[Result "0-1"]
[WhiteElo "2347"]
[BlackElo "2457"]
[EventDate "2005.06.10"]
[PlyCount "124"]

1.e4 e6 2.d4 d5 3.Nc3 Bb4 4.e5 c5 5.Bd2 Nh6 6.Nb5 Bxd2+ 7.Qxd2 O-O 8.dxc5 
Bd7 9.Nd4 f6 10.Ngf3 Qc7 11.exf6 Rxf6 12.O-O-O Nf7 13.h4 Qxc5 14.Ng5 Nc6 
15.f4 Nxd4 16.Qxd4 Qxd4 17.Rxd4 Nd6 18.Bd3 h6 19.Nf3 Bb5 20.Bxb5 Nxb5 21.
Rb4 Nd6 22.Ne5 Rc8 23.g3 Rc7 24.Ra4 Ne4 25.Rg1 b6 26.Rd4 Rf5 27.Kb1 b5 28.
a4 bxa4 29.Rxa4 g5 30.Ra6 Nc5 31.Rd6 Kf8 32.hxg5 hxg5 33.g4 Rxf4 34.Ng6+ 
Kf7 35.Nxf4 gxf4 36.Rd8 Ne4 37.Kc1 f3 38.Rf1 f2 39.Kd1 Rb7 40.b3 Kg7 41.
Rc8 Rf7 42.Re8 Ng3 43.Rxf2 Rxf2 44.Rxe6 Ne4 45.c4 Nc3+ 46.Ke1 Ra2 47.cxd5 
Nxd5 48.Kd1 Kf7 49.Rd6 Nb6 50.Kc1 Ke7 51.Rh6 Kd8 52.Rh7 Nd7 53.g5 Rg2 54.
Rg7 Kc7 55.Rg8 Ne5 56.Rg7+ Kb6 57.Rg8 Kc5 58.Ra8 Nc6 59.Rg8 Nd4 60.Rb8 
Rxg5 61.Kb2 Rg1 62.Ka3 Nb5+ 0-1

[Event "6th EUR-ch (w)"]
[Site "Chisinau MDA"]
[Date "2005.06.22"]
[Round "11"]
[White "Shumiakina, Tatiana"]
[Black "Zielinska, Marta"]
[Result "1/2-1/2"]
[WhiteElo "2316"]
[BlackElo "2419"]
[EventDate "2005.06.10"]
[PlyCount "50"]

1.d4 d6 2.Nf3 Nf6 3.c4 g6 4.g3 Bg7 5.Bg2 O-O 6.O-O Bg4 7.h3 Bxf3 8.Bxf3 
Nc6 9.Nc3 Nd7 10.e3 e5 11.d5 Ne7 12.e4 f5 13.exf5 gxf5 14.Bg2 Ng6 15.Qh5 
Rf7 16.Bd2 Qc8 17.Rae1 Nf6 18.Qd1 Qd7 19.Kh2 Raf8 20.f4 h5 21.fxe5 Nxe5 
22.b3 Ng6 23.Qc2 Nh7 24.Re6 Ne5 25.Ne2 Qd8 1/2-1/2

[Event "6th EUR-ch (w)"]
[Site "Chisinau MDA"]
[Date "2005.06.22"]
[Round "11"]
[White "Khurtsidze, Nino"]
[Black "Korbut, Ekaterina"]
[Result "1-0"]
[WhiteElo "2418"]
[BlackElo "2399"]
[EventDate "2005.06.10"]
[PlyCount "69"]

1.d4 d5 2.c4 dxc4 3.Nf3 a6 4.e3 e6 5.Bxc4 c5 6.Qe2 Nc6 7.dxc5 Bxc5 8.O-O 
Nge7 9.a3 Ng6 10.Rd1 Qc7 11.Nbd2 O-O 12.b4 Be7 13.Bb2 e5 14.Rac1 Bf5 15.
Bd5 Bf6 16.Nc4 Rfc8 17.Bxc6 bxc6 18.Nd6 Be6 19.Nxc8 Bxc8 20.Qc4 Bd7 21.Nd2
Be8 22.Nb3 h5 23.Na5 Ne7 24.Qc5 Rb8 25.Nc4 Rb5 26.Qd6 Qc8 27.Bxe5 Bxe5 28.
Qxe7 Bf6 29.Nd6 Bxe7 30.Nxc8 Kf8 31.Nxe7 Kxe7 32.Rc5 f6 33.Rxb5 axb5 34.e4
Bf7 35.f3 1-0

[Event "6th EUR-ch (w)"]
[Site "Chisinau MDA"]
[Date "2005.06.22"]
[Round "11"]
[White "Sebag, Marie"]
[Black "Lomineishvili, Maia"]
[Result "1/2-1/2"]
[WhiteElo "2417"]
[BlackElo "2396"]
[EventDate "2005.06.10"]
[PlyCount "86"]

1.e4 c5 2.c3 Nf6 3.e5 Nd5 4.d4 cxd4 5.Nf3 e6 6.cxd4 d6 7.Bc4 Nb6 8.Bd3 
dxe5 9.dxe5 Na6 10.O-O Nc5 11.Bb5+ Bd7 12.Nc3 a6 13.Be2 Bc6 14.Nd4 Qc7 15.
Nxc6 bxc6 16.f4 Nd5 17.Nxd5 cxd5 18.Be3 Ne4 19.Rc1 Qd7 20.Bd3 f5 21.exf6 
Nxf6 22.Bc2 Kf7 23.Ba4 Qd8 24.Bd4 Bd6 25.Rc6 Rf8 26.Be5 Be7 27.Qe2 Kg8 28.
Rxe6 Bc5+ 29.Kh1 Ne4 30.g3 Qc8 31.Qg4 Ra7 32.Bb3 Nf2+ 33.Rxf2 Bxf2 34.Bxd5
Kh8 35.Kg2 Rd8 36.Bb3 Bd4 37.Bxd4 Rxd4 38.Qe2 Rd8 39.Ba4 a5 40.f5 Rf7 41.
Qe5 Qc1 42.Rd6 Rdf8 43.Bb3 Rf6 1/2-1/2

[Event "6th EUR-ch (w)"]
[Site "Chisinau MDA"]
[Date "2005.06.22"]
[Round "11"]
[White "Zdebskaya, Natalia"]
[Black "Slavina, Irina"]
[Result "1/2-1/2"]
[WhiteElo "2344"]
[BlackElo "2415"]
[EventDate "2005.06.10"]
[PlyCount "92"]

1.e4 e5 2.Nf3 Nc6 3.c3 Nf6 4.d4 Nxe4 5.d5 Ne7 6.Nxe5 Ng6 7.Qf3 Nxe5 8.Qxe4
Qe7 9.Be2 Ng6 10.Qc2 Qe5 11.c4 Bb4+ 12.Nc3 Bxc3+ 13.Qxc3 Qxc3+ 14.bxc3 d6 
15.h4 O-O 16.h5 Ne5 17.Be3 b6 18.O-O-O f5 19.Bd4 Re8 20.f4 Ng4 21.Rhe1 Bd7
22.Kd2 Kf7 23.Bxg4 fxg4 24.h6 Rxe1 25.Rxe1 gxh6 26.Rh1 Kg6 27.Re1 Re8 28.
Rxe8 Bxe8 29.Bf2 Kf5 30.Ke3 b5 31.cxb5 Bxb5 32.a3 Bf1 33.g3 h5 34.Be1 Bg2 
35.c4 Bf1 36.Ba5 Bxc4 37.Bxc7 Bxd5 38.Bxd6 h4 39.Kf2 h3 40.Kg1 h5 41.Be7 
Ke4 42.Kh2 Be6 43.Bf6 Kf3 44.Be7 a5 45.Bf6 a4 46.Be7 Bf5 1/2-1/2

[Event "6th EUR-ch (w)"]
[Site "Chisinau MDA"]
[Date "2005.06.22"]
[Round "11"]
[White "Houska, Jovanka"]
[Black "Foisor, Cristina"]
[Result "1-0"]
[WhiteElo "2334"]
[BlackElo "2406"]
[EventDate "2005.06.10"]
[PlyCount "173"]

1.e4 c6 2.d4 g6 3.Nc3 d5 4.h3 Bg7 5.Nf3 Nf6 6.e5 Ne4 7.Nxe4 dxe4 8.Ng5 c5 
9.d5 Bxe5 10.Nxe4 Qc7 11.Bc4 O-O 12.Qf3 Bf5 13.Bh6 Bg7 14.Bxg7 Kxg7 15.
O-O-O Bxe4 16.Qxe4 Nd7 17.f4 a6 18.g4 Rad8 19.g5 Nb6 20.Be2 f6 21.Rhf1 Rf7
22.h4 Rdf8 23.h5 fxg5 24.fxg5 Qd6 25.h6+ Kg8 26.Rxf7 Rxf7 27.Bg4 Kf8 28.
Be6 Rf4 29.Qe2 Nc4 30.Re1 b5 31.b3 Nb6 32.Qe3 b4 33.Qe2 c4 34.Rf1 Ke8 35.
Kb1 Nxd5 36.Bxd5 Rxf1+ 37.Qxf1 Qxd5 38.Qxc4 Qxc4 39.bxc4 Kd7 40.c3 bxc3 
41.Kc2 Kc6 42.Kxc3 Kc5 43.a3 a5 44.a4 e6 45.Kd3 Kb4 46.Kd4 Kxa4 47.Kc5 Kb3
48.Kb5 a4 49.c5 a3 50.c6 a2 51.c7 a1=Q 52.c8=Q Qa4+ 53.Kb6 Qb4+ 54.Ka7 
Qa5+ 55.Kb8 Qe5+ 56.Ka7 Qd4+ 57.Kb8 Qc4 58.Qg8 Qb5+ 59.Kc7 Qc5+ 60.Kd7 
Qd5+ 61.Kc7 Qc5+ 62.Kd7 Qb5+ 63.Kc7 Qa6 64.Kd7 Qb5+ 65.Kc7 Qa5+ 66.Kd7 
Qd5+ 67.Ke8 Qc6+ 68.Kf8 Qd7 69.Qg7 Qd8+ 70.Kf7 Qxg5 71.Qxh7 Qf5+ 72.Kg8 
Qf6 73.Qb7+ Kc4 74.Qc7+ Kd5 75.h7 e5 76.Qd7+ Kc4 77.Qf7+ Qxf7+ 78.Kxf7 e4 
79.h8=Q Kd3 80.Kxg6 e3 81.Qd8+ Kc2 82.Qc7+ Kd2 83.Qd6+ Ke1 84.Qg3+ Ke2 85.
Qf4 Kd3 86.Kf5 e2 87.Qc1 1-0

[Event "6th EUR-ch (w)"]
[Site "Chisinau MDA"]
[Date "2005.06.22"]
[Round "11"]
[White "Kosintseva, Tatiana"]
[Black "Demina, Yulia"]
[Result "1-0"]
[WhiteElo "2486"]
[BlackElo "2346"]
[EventDate "2005.06.10"]
[PlyCount "73"]

1.e4 c5 2.Nc3 g6 3.Nf3 Bg7 4.d4 cxd4 5.Nxd4 Nc6 6.Be3 Nf6 7.Bc4 Qa5 8.O-O 
O-O 9.Nb3 Qd8 10.f4 d6 11.Be2 a5 12.a4 Be6 13.f5 Bxb3 14.cxb3 Ne5 15.Kh1 
Nfd7 16.Nd5 Nc5 17.Bg5 f6 18.Be3 Kh8 19.Nf4 Qc8 20.Bxc5 dxc5 21.Ne6 Rg8 
22.Rc1 b6 23.Bc4 Bh6 24.Rc3 gxf5 25.exf5 Ng4 26.Qe2 Qb7 27.Rff3 Rae8 28.
Rh3 Qb8 29.Rcg3 Qe5 30.Rxg4 Rxg4 31.Qxe5 fxe5 32.Rxh6 e4 33.g3 e3 34.Kg2 
Re4 35.Kf3 Re5 36.g4 Rc8 37.Ng5 1-0

[Event "6th EUR-ch (w)"]
[Site "Chisinau MDA"]
[Date "2005.06.22"]
[Round "11"]
[White "Rohonyan, Kateryna"]
[Black "Socko, Monika"]
[Result "0-1"]
[WhiteElo "2309"]
[BlackElo "2464"]
[EventDate "2005.06.10"]
[PlyCount "112"]

1.c4 Nf6 2.Nc3 g6 3.g3 Bg7 4.Bg2 d6 5.Nf3 O-O 6.O-O e5 7.d3 c6 8.Rb1 Re8 
9.b4 a6 10.Bb2 d5 11.cxd5 cxd5 12.Na4 Nc6 13.a3 b6 14.Rc1 Bd7 15.Qb3 Rb8 
16.Rfd1 Re7 17.d4 e4 18.Ne5 Qe8 19.Nxd7 Qxd7 20.Rc2 Na7 21.Rdc1 Nb5 22.Rc6
Re6 23.Qc2 e3 24.f4 Ne4 25.Rc8+ Re8 26.Rxb8 Rxb8 27.Bxe4 dxe4 28.Qxe4 Rd8 
29.Nxb6 Qg4 30.Qe7 Rf8 31.Qxe3 Rd8 32.Qe7 Rb8 33.Nd7 Ra8 34.Ne5 Qxe2 35.
Qxf7+ Kh8 36.Qd5 Rf8 37.Qg2 Qe3+ 38.Qf2 Qb3 39.Qc2 Qa2 40.Ra1 Qd5 41.Qg2 
Qb3 42.Rc1 g5 43.fxg5 Qe3+ 44.Kh1 Nxd4 45.Nd7 Rd8 46.Rd1 Ne6 47.Bxg7+ Nxg7
48.Qd5 Qxa3 49.Qe4 Qa4 50.Rd3 Qa1+ 51.Kg2 Qb2+ 52.Kh3 Re8 53.Qd4 Qe2 54.
Rd2 Qf1+ 55.Kh4 Qf3 56.Rf2 Qh5# 0-1

[Event "6th EUR-ch (w)"]
[Site "Chisinau MDA"]
[Date "2005.06.22"]
[Round "11"]
[White "Skripchenko, Almira"]
[Black "Kostiuk, Tatiana"]
[Result "1-0"]
[WhiteElo "2453"]
[BlackElo "2313"]
[EventDate "2005.06.10"]
[PlyCount "47"]

1.e4 e5 2.d4 exd4 3.Qxd4 Nc6 4.Qe3 g6 5.h4 h5 6.Bc4 Qe7 7.Nc3 Bh6 8.f4 Nf6
9.Nf3 d6 10.Bd2 a6 11.O-O-O Ne5 12.Nd5 Nxd5 13.Bxd5 Nxf3 14.gxf3 O-O 15.
Qg1 Kh7 16.f5 Bxd2+ 17.Rxd2 c6 18.Bc4 d5 19.Bd3 dxe4 20.fxe4 Bd7 21.Rg2 
Rg8 22.Rg5 Be8 23.e5 Rd8 24.f6 1-0

[Event "6th EUR-ch (w)"]
[Site "Chisinau MDA"]
[Date "2005.06.22"]
[Round "11"]
[White "Peptan, Corina-Isabela"]
[Black "Hryhorenko, Natalia"]
[Result "1/2-1/2"]
[WhiteElo "2435"]
[BlackElo "2294"]
[EventDate "2005.06.10"]
[PlyCount "142"]

1.c4 e6 2.g3 d5 3.Bg2 Nf6 4.Nf3 c5 5.cxd5 exd5 6.d4 Nc6 7.O-O Be7 8.Nc3 
O-O 9.b3 Ne4 10.Bb2 Bf6 11.Na4 cxd4 12.Nxd4 Nxd4 13.Bxd4 Be6 14.Rc1 b6 15.
Nc3 Nxc3 16.Rxc3 Be7 17.Qa1 f6 18.Rd1 Rc8 19.Qb1 Rxc3 20.Bxc3 Qc7 21.Bb2 
Rd8 22.Qc1 Qxc1 23.Rxc1 Bc5 24.Rd1 Rd7 25.e3 Kf8 26.Kf1 Ke7 27.Bf3 a5 28.
Rd3 Bb4 29.a3 Bd6 30.Ke2 Be5 31.Bd4 Bxd4 32.Rxd4 Kd6 33.Kd2 g5 34.h4 h6 
35.Bg2 Kc5 36.Kc3 Rc7 37.Kd3 Rd7 38.Bf3 Rd8 39.Kd2 Rd7 40.Be2 Bf5 41.f3 
Re7 42.Bd1 Kc6 43.b4 axb4 44.axb4 Bg6 45.Ba4+ b5 46.Bb3 Bf7 47.hxg5 hxg5 
48.g4 Be6 49.Rd3 Rh7 50.Rc3+ Kd6 51.Bd1 Rh2+ 52.Kc1 Rf2 53.Rc5 Bd7 54.Rc2 
Rxc2+ 55.Kxc2 Ke5 56.Kc3 Bc6 57.Bc2 Bd7 58.Bg6 Bc6 59.Kd3 Bd7 60.Bh7 Bc6 
61.Bf5 Be8 62.Kc3 Bc6 63.Kd3 Be8 64.Kc3 Bc6 65.Bd3 Bd7 66.Bg6 Bc6 67.Bf5 
Be8 68.Kd3 Bc6 69.Bg6 Bd7 70.Bh7 Bc6 71.Bf5 Be8 1/2-1/2